Представление документа в формате MARC21

Поле Инд. ПП Название Значение
Тип записи a
Библиографический уровень m
001 Контрольный номер RU/IS/BASE/654169685
005 Дата корректировки 20230316113713.6
040 b Код языка каталог. rus
041 0_ a Код языка текста rus
080 a Индекс УДК 004.85
084 a Индекс другой классификации/Индекс ББК 32.81
090 a Полочн. индекс 681.3
x Авторский знак С12
097 b Оператор 02
100 1_ a Автор Савёнок В. А.
245 10 a Заглавие Программная система поиска текста по параметризированным шаблонам
b Продолж. заглавия дисс. на соиск. степени магистра техн. наук : 1-40 80 05
c Ответственность науч. рук. С. А. Медведев
h Физич. носитель + электр. вариант
260 a Место издания Минск
b Издательство БГУИР
c Дата издания 2020
300 a Объем 74 с.
510 0_ a Примечание о ссылках Диссертации и авторефераты диссертаций
653 0_ a Ключевые слова программное обеспечение; информация; поисковые системы
901 t Тип документа d